| 000 | 00515nam a2200193Ia 4500 | ||
|---|---|---|---|
| 008 | 180207s9999 xx 000 0 und d | ||
| 020 | _a9781847384584 | ||
| 050 | _bL954 2008 | ||
| 100 | _aLukas, Catherine | ||
| 245 | _aBackyardigans and the beanstalk / | ||
| 245 | _cby Catherine Lukas ; illustrated by Susan Hall. | ||
| 260 | _aLondon : | ||
| 260 | _bSimon and Schuster, | ||
| 260 | _c2008 | ||
| 300 | _aunpaged : | ||
| 300 | _bcolor illustration ; | ||
| 300 | _c20cm. | ||
| 440 | _aThe backyardigans. | ||
| 999 |
_c355643 _d355643 |
||